000 00624nam a2200229Ia 4500
008 220216s9999 xx 000 0 und d
100 _aDadiani Malavika
245 0 _aImpact of climate change and IP regime on the production and availability of quaity seed
260 _bThe Indian Journal of Genetics and Plant Breeding
_c2009
300 _a325-330
650 _aClimate change
650 _aCO2
650 _aFlowering
650 _aPVP
650 _aSeed quality
650 _aSeed set
650 _aSeed yield
650 _atemperature
700 _aBasu Sudipta
700 _aChakrabarty
942 _cJS
999 _c60710
_d60710